000 00312nam a22001337a 4500
008 181025b xxu||||| |||| 00| 0 eng d
020 _a9780312084189
041 _aeng
080 _23 ed
_a321
100 _a22
101 _aPOL
245 _aInternational Political Economy
_cFrieden.J.A
942 _2udc
_cBK
999 _c50921
_d50921